000 00534nam a22001817a 4500
999 _c4260
_d4260
003 GBCCL
005 20241126110514.0
008 180117b xxu||||| |||| 00| 0 eng d
020 _a0890980225
040 _cgbc
082 _a227.5
_bSIL
100 _aSilvey, Billie
_98067
245 _aGod has a plan for you:
_bThe riches of Ephesians for women /
_cBillie Silvey
260 _aNashville:
_b20th Century Christian,
_c1988
300 _a88 p.;
_c22 cm.
650 _aBible
_vNew Testament
_vEphesians
_xStudy
_98068
942 _2ddc
_cBK
_01